000 01404nam a2200361 a 4500
001 ebr10650050
003 CaPaEBR
006 m u
007 cr cn|||||||||
008 130208s2005 enkac sb 001 0 eng d
020 _z1874719888 (hardback)
020 _z1874719934 (pbk.)
020 _z9781874719939
020 _z9781874719885
020 _z9781909493506 (e-book)
040 _aCaPaEBR
_cCaPaEBR
035 _a(OCoLC)836874508
050 1 4 _aHM831
_b.W33 2005eb
082 0 4 _a303.4
_223
100 1 _aWaddell, Steve.
245 1 0 _aSocietal learning and change
_h[electronic resource] :
_bhow governments, business and civil society are creating solutions to complex multi-stakeholder problems /
_cSteve Waddell.
260 _aSheffield :
_bGreenleaf Pub.,
_c2005.
300 _a164 p. :
_bill., port.
504 _aIncludes bibliographical references and index.
533 _aElectronic reproduction.
_bPalo Alto, Calif. :
_cebrary,
_d2013.
_nAvailable via World Wide Web.
_nAccess may be limited to ebrary affiliated libraries.
650 0 _aSocial change.
650 0 _aSocial systems.
650 0 _aOrganizational learning.
650 0 _aInternational relations.
655 7 _aElectronic books.
_2local
710 2 _aebrary, Inc.
856 4 0 _uhttp://site.ebrary.com/lib/rucke/Doc?id=10650050
_zAn electronic book accessible through the World Wide Web; click to view
999 _c74647
_d74647